Statistics for PFA Team of the Year (2010s)

Click here to take the quiz!

General Stats

  • This quiz has been taken 165 times
  • The average score is 83 of 110

Answer Stats

PositionPlayerClub% Correct
GKDavid de GeaManchester United
100%
FWHarry KaneTottenham Hotspur
100%
FWSergio AgüeroManchester City
99%
FWMohamed SalahLiverpool
97%
GkEdersonManchester City
96%
DFVirgil van DijkLiverpool
96%
FW | MFSadio ManéLiverpool
95%
MFN'Golo KantéChelsea | Leicester City
92%
DFTrent Alexander-ArnoldLiverpool
92%
DFVincent KompanyManchester City
92%
MFKevin De BruyneManchester City
91%
FWLuis SuarezLiverpool
91%
FWLuis SuárezLiverpool
91%
FWRaheem SterlingManchester City
91%
MFRiyad MahrezLeicester City
91%
FWRobin van PersieArsenal | Manchester United
91%
MFSteven GerrardLiverpool
91%
DFAndrew RobertsonLiverpool
90%
DFKyle WalkerManchester City | Tottenham Hotspur
90%
FWWayne RooneyManchester United
89%
MFBernardo SilvaManchester City
88%
MFDavid SilvaManchester City
88%
MFDele AlliTottenham Hotspur
88%
MFEden HazardChelsea
88%
FWJamie VardyLeicester City
88%
DFJohn TerryChelsea
88%
GKPetr ČechChelsea
88%
DFJan VertonghenTottenham Hotspur
85%
MFPaul PogbaManchester United
84%
DFAymeric LaporteManchester City
82%
GKJoe HartBirmingham City | Manchester City
82%
DFAshley ColeChelsea
79%
MFFernandinhoManchester City
78%
MFGareth BaleTottenham Hotspur
77%
MFYaya TouréManchester City
77%
GKEdwin van der SarManchester United
76%
DFGary CahillChelsea
76%
DFNemanja VidićManchester United
76%
DFRio FerdinandManchester United
76%
FWDidier DrogbaChelsea
75%
DFLeighton BainesEverton
75%
DFToby AlderweireldTottenham Hotspur
75%
MFChristian EriksenTottenham Hotspur
73%
DFWes MorganLeicester City
71%
DFDanny RoseTottenham Hotspur
70%
FWDiego CostaChelsea
69%
FWRomelu LukakuEverton
69%
DFBranislav IvanovićChelsea
68%
FWCarlos TevezManchester City
68%
MFCesc FàbregasArsenal
68%
FWDaniel SturridgeLiverpool
68%
DFNicolás OtamendiManchester City
64%
DFDavid LuizChelsea
63%
MFMichael CarrickManchester United
62%
MFAlexis SánchezArsenal
60%
DFMarcos AlonsoChelsea
59%
DFHéctor BellerínArsenal
58%
DFPablo ZabaletaManchester City
58%
DFSéamus ColemanEverton
58%
DFPatrice EvraManchester United
57%
FWDimitar BerbatovManchester United
55%
MFJames MilnerAston Villa
52%
MFJuan MataChelsea
52%
MFAdam LallanaSouthampton
51%
DFLuke ShawSouthampton
49%
MFNemanja MatićChelsea
49%
MFPhillippe CoutinhoLiverpool
49%
DFBacary SagnaArsenal
48%
DFRyan BertrandSouthampton
48%
MFSamir NasriArsenal
47%
MFDimitri PayetWest Ham United
45%
MFNaniManchester United
45%
MFJack WilshereArsenal
42%
MFDarren FletcherManchester United
34%
DFFabricio ColocciniNewcastle United
33%
MFAntonio ValenciaManchester United
27%
DFThomas VermaelenArsenal
26%
MFScott ParkerTottenham Hotspur
19%
DFRichard DunneAston Villa
14%

Score Distribution

Percentile by Number Answered

Percent of People with Each Score

Your Score History

You have not taken this quiz